Արևմտահայ նորավեպը : (Record no. 3874)
[ view plain ]
| 000 -LEADER | |
|---|---|
| fixed length control field | 01167nam a2200229 a 4500 |
| 001 - CONTROL NUMBER | |
| control field | 000014840 |
| 003 - CONTROL NUMBER IDENTIFIER | |
| control field | AM-YEHGA |
| 005 - DATE AND TIME OF LATEST TRANSACTION | |
| control field | 20260119120546.0 |
| 008 - FIXED-LENGTH DATA ELEMENTS--GENERAL INFORMATION | |
| fixed length control field | 030326s1996 ai ||||gr|||||||||||arm|d |
| 040 ## - CATALOGING SOURCE | |
| Original cataloging agency | AM-YeHGA |
| 041 0# - LANGUAGE CODE | |
| Language code of text/sound track or separate title | arm |
| 100 1# - MAIN ENTRY--PERSONAL NAME | |
| Personal name | Հակոբյան, Գրիգոր Ջանիբեկի, |
| Dates associated with a name | 1958-2005 |
| 9 (RLIN) | 2019 |
| 245 10 - TITLE STATEMENT | |
| Title | Արևմտահայ նորավեպը : |
| Remainder of title | (1880-1910-ական թվականներ. ժանրի պատմություն և տեսություն) / |
| Statement of responsibility, etc. | Գ. Հակոբյան ; Խմբ.՝ Ս. Սարինյան ; ՀՀ ԳԱԱ Մ. Աբեղյանի անվ. Գրակ. ին-տ. |
| 260 ## - PUBLICATION, DISTRIBUTION, ETC. | |
| Place of publication, distribution, etc. | Երևան : |
| Name of publisher, distributor, etc. | ՀՀ ԳԱԱ «Գիտություն» հրատ., |
| Date of publication, distribution, etc. | 1996. |
| 300 ## - PHYSICAL DESCRIPTION | |
| Extent | 255 էջ |
| 504 ## - BIBLIOGRAPHY, ETC. NOTE | |
| Bibliography, etc. note | Մատենագիտ. էջ՝ 213-254 հայ. և ռուս. |
| 650 14 - SUBJECT ADDED ENTRY--TOPICAL TERM | |
| Topical term or geographic name entry element | Արևմտահայ գրականագիտություն |
| 700 1# - ADDED ENTRY--PERSONAL NAME | |
| Personal name | Սարինյան, Սերգեյ Ներսեսի, |
| Dates associated with a name | 1924-2017 |
| Relator term | խմբ. |
| Relationship | edt |
| 9 (RLIN) | 1030 |
| 710 2# - ADDED ENTRY--CORPORATE NAME | |
| Corporate name or jurisdiction name as entry element | Գրականության ինստիտուտ Մ. Աբեղյանի անվան ՀՀ ԳԱԱ |
| 856 41 - ELECTRONIC LOCATION AND ACCESS | |
| Uniform Resource Identifier | <a href="https://arar.sci.am/dlibra/publication/432190/edition/399259/content">https://arar.sci.am/dlibra/publication/432190/edition/399259/content</a> |
| Link text | Կարդալ առցանց |
| 942 ## - ADDED ENTRY ELEMENTS (KOHA) | |
| Source of classification or shelving scheme | Universal Decimal Classification |
| Koha item type | Գրքեր / Books |
| Withdrawn status | Lost status | Damaged status | Not for loan | Collection | Home library | Current library | Date acquired | Total checkouts | Full call number | Barcode | Date last seen | Price effective from | Koha item type | Public note | Source of classification or shelving scheme |
|---|---|---|---|---|---|---|---|---|---|---|---|---|---|---|---|
| General | Fundamental Scientific Library | Fundamental Scientific Library | 21/12/2016 | АII/83728 | 220083728 | 21/12/2016 | 21/12/2016 | Գրքեր / Books | 30 Days Loan | ||||||
| General | Fundamental Scientific Library | Fundamental Scientific Library | 21/12/2016 | АII/83730 | 220083730 | 21/12/2016 | 21/12/2016 | Գրքեր / Books | 30 Days Loan | ||||||
| General | Fundamental Scientific Library | Fundamental Scientific Library | 21/12/2016 | АII/83729 | 220083729 | 21/12/2016 | 21/12/2016 | Գրքեր / Books | 30 Days Loan | ||||||
| General | Fundamental Scientific Library | Fundamental Scientific Library | 17/01/2025 | AII/83978 | FL0693249 | 17/01/2025 | 17/01/2025 | Գրքեր / Books | 30 Days Loan | Universal Decimal Classification | |||||
| Vache Nalbandyan Individual Collection | Fundamental Scientific Library | Fundamental Scientific Library | 17/01/2025 | Nalb/305 | FL0276269 | 17/01/2025 | 17/01/2025 | Գրքեր / Books | ILL Non-Circ. | Universal Decimal Classification |
ՀՀ Գիտությունների ազգային ակադեմիայի հիմնարար գիտական գրադարան = Fundamental Scientific Library of NAS RA
All site content, except where otherwise noted, is licensed under a